00153nam a2200073 4500040000800000082001800008100001900026245003400045 cDLC a307.1216bHIR aHiraskar, G.K. aFundamentals of Town Planning